Nuevas fronteras: medios de comunicación y poder
שמור ב:
| Main Authors: | , |
|---|---|
| פורמט: | ספר |
| שפה: | ספרדית |
| יצא לאור: |
Caracas
Universidad central de Venezuela
1996
|
| נושאים: | |
| תגים: |
הוספת תג
אין תגיות, היה/י הראשונ/ה לתייג את הרשומה!
|
MARC
| LEADER | 00000nam a2200000 a 4500 | ||
|---|---|---|---|
| 001 | UCT4280 | ||
| 003 | CL-VaPUC | ||
| 008 | 961108e19960000VE |||||||||||||||||spa|d | ||
| 082 | 0 | 4 | |a 302.2 |b BIS |2 21 |
| 100 | 0 | |a Bisbal, Marcelino |e author |9 373517 | |
| 700 | 0 | |a Nicodemo, Pasquale |e author |9 373518 | |
| 245 | 1 | 0 | |a Nuevas fronteras: medios de comunicación y poder |
| 300 | |a 280 p | ||
| 942 | |c BK | ||
| 945 | |d 19961108 00:00:00 |a nastorga | ||
| 260 | |a Caracas |b Universidad central de Venezuela |c 1996 | ||
| 650 | 0 | |a Medios de comunicación |9 257206 | |
| 650 | 0 | |a Globalización |9 361930 | |
| 650 | 0 | |a Cambio social |9 256857 | |
| 583 | |a last modification |c 20160921 09:36:48 |k Rodrigo Vera | ||
| 999 | |c 253687 |d 253685 | ||
| 952 | |0 0 |1 0 |4 0 |6 302_200000000000000_BIS_1996 |7 0 |8 A |9 274726 |a BIBCUR |b BIBCUR |d 2019-11-19 |i 3250296 |o 302.2 BIS 1996 |p 3250296 |r 2025-04-22 |w 2019-11-19 |y BK |k PER | ||